|
|
|
|
| LEADER |
01948nam a2200421 a 4500 |
| 001 |
45731 |
| 003 |
BD-DhAAL |
| 005 |
20260510183205.0 |
| 008 |
260510t2000 enk b 001 0 eng |
| 010 |
|
|
|a 99040402
|
| 020 |
|
|
|a 0333699386
|
| 020 |
|
|
|a 0312228473
|
| 020 |
|
|
|a 9780333699386
|
| 020 |
|
|
|a 9780312228477
|
| 035 |
|
|
|a 200292
|
| 035 |
|
|
|a (DLC) 99040402
|
| 040 |
|
|
|a DLC
|c DLC
|d DLC
|d BD-DhAAL
|
| 043 |
|
|
|a a-ja---
|
| 050 |
0 |
0 |
|a JZ5006.7
|b .D75 2000
|
| 082 |
0 |
0 |
|a 327.52009045
|2 21
|
| 100 |
1 |
|
|a Drifte, Reinhard.
|9 60575
|
| 245 |
1 |
0 |
|a Japan's quest for a permanent Security Council seat :
|b a matter of pride or justice? /
|c Reinhard Drifte.
|
| 260 |
|
|
|a Houndmills, Basingstoke, Hampshire :
|b Macmillan Press ;
|a New York :
|b St. Martin's Press,
|c 2000.
|
| 300 |
|
|
|a xiii, 269 pages ;
|c 23 cm
|
| 490 |
1 |
|
|a St. Antony's series
|
| 500 |
|
|
|a "In association with St. Antony's College, Oxford."
|
| 504 |
|
|
|a Includes bibliographical references (p. 246-260) and index.
|
| 526 |
8 |
|
|a AAL
|
| 541 |
1 |
|
|a Donated by Embassy of Japan in Bangladesh, Read Japan Project 2025, The Tokyo Foundation, supported by The Nippon Foundation.
|e 45731
|
| 610 |
1 |
0 |
|a United Nations.
|b Security Council
|x Membership.
|9 60576
|
| 610 |
2 |
0 |
|a United Nations
|z Japan.
|9 60577
|
| 650 |
|
0 |
|a Social sciences.
|
| 651 |
|
0 |
|a Japan
|x Foreign relations
|y 1989--
|9 60578
|
| 830 |
|
0 |
|a St. Antony's series
|9 60579
|
| 852 |
1 |
|
|a Ayesha Abed Library
|c General Stacks
|
| 942 |
|
|
|2 ddc
|c BK
|
| 999 |
|
|
|c 47907
|d 47907
|
| 952 |
|
|
|0 0
|1 0
|2 ddc
|4 0
|6 327_520090450000000_DRI
|7 0
|9 79165
|a BRACUL
|b BRACUL
|d 2026-05-10
|e Donated by Embassy of Japan in Bangladesh, Read Japan Project 2025, The Tokyo Foundation, supported by The Nippon Foundation.
|l 0
|o 327.52009045 DRI
|p 3010045731
|r 2026-05-10
|t 1
|w 2026-05-10
|y BK
|x Donated copy received from Embassy of Japan in Bangladesh, Read Japan Project 2025, The Tokyo Foundation, supported by The Nippon Foundation on 08 April 2026; $199.99
|